Kości człowieka (Anatomia) - Statystyki

Ogólne statystyki
  • Ten quiz został rozwiązany 5 600 razy
  • Średni wynik to 27 z 64
Statystyki odpowiedzi
Kości % Poprawnych
kość potyliczna
85%
kość udowa
81%
kość czołowa
79%
żuchwa
79%
kość skroniowa
78%
mostek
76%
kość piszczelowa
75%
obojczyk
73%
Kość ramienna
72%
kość strzałkowa
72%
kość nosowa
71%
kość ciemieniowa
70%
kość promieniowa
70%
kość łokciowa
67%
Łopatka
66%
Kręgi Szyjne (C3-C7)
65%
Kręgi Lędźwiowe (L1-L5)
63%
szczęka
63%
Kręgi Piersiowe (Th1-Th12)
61%
kość jarzmowa
60%
rzepka
56%
kość klinowa
53%
Kość Krzyżowa (S1-S5)
51%
kości śródstopia (I-V)
46%
kości śródręcza (I-V)
45%
kość biodrowa
44%
Kość Guziczna
42%
kość łonowa
38%
kość łzowa
38%
Dźwigacz/Atlas
37%
kość łódeczkowata
36%
kość księżycowata
35%
kowadełko
35%
żebra rzekome (VII-XII)
35%
kość sitowa
34%
żebra prawdziwe (I-VII)
34%
kość piętowa
33%
młoteczek
33%
Obrotnik
33%
strzemiączko
33%
kość grochowata
31%
kość haczykowata
31%
kość kulszowa
31%
kość trójgraniasta
30%
kość skokowa
29%
kość czworoboczna mniejsza
27%
kość czworoboczna większa
27%
kość łódkowata
24%
paliczki bliższe ręki (I-V)
24%
paliczki bliższe stopy (I-V)
24%
paliczki dalsze ręki (I-V)
24%
paliczki dalsze stopy (I-V)
24%
lemiesz
23%
paliczki środkowe ręki (II-V)
21%
paliczki srodkowe stopy (II-V)
21%
kość sześcienna
19%
kość gnykowa
15%
kość klinowata boczna
13%
kość klinowata przyśrodkowa
13%
kość klinowata pośrednia
11%
trzeszczka
11%
trzeszczki
11%
kość podniebna
8%
kość wstawna
6%
Nie znaleziono quizów pasujących do podanych kryteriów
Rozkład punktacji
Procent ludzi z każdym wynikiem
Percentyl według liczby udzielonych odpowiedzi
Twoja historia wyników
Nie rozwiązałeś tego quizu